Textbook Of Engineering Drawing (Record no. 344304)
[ view plain ]
| 000 -LEADER | |
|---|---|
| fixed length control field | 00487nam a2200181Ia 4500 |
| 008 - FIXED-LENGTH DATA ELEMENTS--GENERAL INFORMATION | |
| fixed length control field | 230718s9999 xx 000 0 und d |
| 020 ## - INTERNATIONAL STANDARD BOOK NUMBER | |
| International Standard Book Number | 9788121914314 |
| 041 ## - LANGUAGE CODE | |
| Language code of text/sound track or separate title | eng |
| 082 ## - DEWEY DECIMAL CLASSIFICATION NUMBER | |
| Classification number | 604.2 |
| Item number | DHA |
| 100 ## - MAIN ENTRY--PERSONAL NAME | |
| Personal name | Dhawan R.K. |
| 245 ## - TITLE STATEMENT | |
| Title | Textbook Of Engineering Drawing |
| Remainder of title | In First Angle Projection |
| 250 ## - EDITION STATEMENT | |
| Edition statement | Rev ed. |
| 260 ## - PUBLICATION, DISTRIBUTION, ETC. (IMPRINT) | |
| Date of publication, distribution, etc. | 2014 |
| Name of publisher, distributor, etc. | S.Chand |
| 300 ## - PHYSICAL DESCRIPTION | |
| Extent | 673 |
| 365 ## - TRADE PRICE | |
| Currency code | Rs. |
| Price amount | 525.00 |
| 700 ## - ADDED ENTRY--PERSONAL NAME | |
| Personal name | Dhawan R.K. |
| 906 ## - LOCAL DATA ELEMENT F, LDF (RLIN) | |
| d | O:0373208-Feb-2017B:379507-Feb-2017 |
| c | BSHB |
| b | 157.5 |
| Withdrawn status | Lost status | Damaged status | Not for loan | Home library | Current library | Date acquired | Vendor | Budget Code | Cost, normal purchase price | Bill number | Total Checkouts | Full call number | Barcode | Checked out | Date last seen | Date last checked out | Discount | Cost, replacement price | Bill Date | Koha item type | Original Barcode |
|---|---|---|---|---|---|---|---|---|---|---|---|---|---|---|---|---|---|---|---|---|---|
| Cummins College of Engineering for Women Pune | Cummins College of Engineering for Women Pune | 09/02/2017 | Vaibhav Book House | BSHB | 367.50 | 3795 | 5 | 604.2 | CCEP-BK-55511 | 10/06/2026 | 13/05/2026 | 13/05/2026 | 157.5 | 525.00 | 07/02/2017 | Books | 055511 |